000 00207nam a22000977a 4500
003 SGT
245 _aTHE JOURNAL OF BIOCHEMISTRY
260 _aOXFORD
_bUNIVERSITY PRESS
_c2014
300 _a400
942 _2ddc
_cBV
999 _c19640
_d19640